Crónica rimada de Baiona e o seu mar / (Record no. 175011)

MARC details
000 -LEADER
campo de control de longitud fija 00667nam a2200205 4500
001 - NÚMERO DE CONTROL
campo de control 175011
003 - IDENTIFICADOR DE NÚMERO DE CONTROL
campo de control ES-MaACL
005 - FECHA Y HORA DE LA ÚLTIMA TRANSACCIÓN
campo de control 20230906215725.0
008 - DATOS DE LONGITUD FIJA--INFORMACIÓN GENERAL
campo de control de longitud fija 100930s2008 sp | |||||||| | glg
020 ## - NÚMERO INTERNACIONAL ESTÁNDAR DEL LIBRO
Número Internacional Estándar del Libro 978-84-96950-74-0
080 ## - NÚMERO DE LA CLASIFICACIÓN DECIMAL UNIVERSAL
Número de la Clasificación Decimal Universal 913(460.115 Baiona)(0:82)
080 ## - NÚMERO DE LA CLASIFICACIÓN DECIMAL UNIVERSAL
Número de la Clasificación Decimal Universal 821(4)-1.09
100 1# - ENTRADA PRINCIPAL--NOMBRE DE PERSONA
Nombre de persona Álvarez Blázquez, Xosé María.
9 (RLIN) 20707
245 10 - MENCIÓN DEL TÍTULO
Título Crónica rimada de Baiona e o seu mar /
Mención de responsabilidad, etc. Xosé María Álvarez Blázquez.
260 ## - PUBLICACIÓN, DISTRIBUCIÓN, ETC.
Lugar de publicación, distribución, etc. Gondomar [Pontevedra] :
Nombre del editor, distribuidor, etc. IEM,
Fecha de publicación, distribución, etc. [2008]
300 ## - DESCRIPCIÓN FÍSICA
Extensión 61 p. ;
Dimensiones 15 cm.
650 #4 - PUNTO DE ACCESO ADICIONAL DE MATERIA--TÉRMINO DE MATERIA
Término de materia o nombre geográfico como elemento de entrada Poesía europea-
Subdivisión general Historia y crítica.
9 (RLIN) 143368
651 #4 - PUNTO DE ACCESO ADICIONAL DE MATERIA--NOMBRE GEOGRÁFICO
Nombre geográfico Baiona-
Subdivisión general En la literatura.
9 (RLIN) 143367
852 ## - LOCALIZACIÓN
Ubicación ES-MaACL
Número de control de estantería 2257-F-3
Holdings
Estatus retirado Estado de pérdida Estado de daño No para préstamo Colección Biblioteca de origen Biblioteca actual Ubicación en estantería Fecha de adquisición Fuente de adquisición Total de préstamos Signatura topográfica completa Código de barras Visto por última vez Precio de reemplazo Tipo de ítem Koha
        Colección de folletos Biblioteca del Ateneo de Madrid Biblioteca del Ateneo de Madrid Depósito folletos 30/09/2010     2257-F-3 1183768 23/02/2023 23/02/2023 Folleto